000 00812nam a2200265 4500
003 OSt
005 20260601171011.0
008 260420b2001\\\\mx\|||||\||||\00|\0\spa\d
020 _a9786075165974
020 _a9682986648
020 _a9701863720
040 _aICI
_bspa
_cICI
050 _aQ180.M6
_bP74
245 0 _aPremio Nacional de Ciencias y Artes
264 1 _aMéxico :
_bSecretaría de Educación Pública,
_c1980-
300 _a126 páginas
_c21 cm.
336 _atexto
_2rdacontent
337 _asin medio
_2rdamedia
338 _avolumen
_2rdacarrier
650 4 _aCiencia
_xPremios
_zMéxico
650 4 _aArte
_xPremios
_zMéxico
710 2 _aPremio Nacional de Ciencias y Artes (México).
_cConsejo
_933117
710 1 _aMéxico.
_bSecretaría de Educación Pública
_917275
942 _2lcc
_cB
999 _c20501
_d20501